00743nac a22002297a 4500001001000000003000900010005001700019008003400036040005400070072000800124110008100132245006500213260004200278300001100320490006500331500002800396650002800424650002200452650001600474650001000490650001300500BR0000222BR-BrBNA20240105122340.0230509b bl.|||m| |||| 00| 0 por d aBR-BrBNAbporcBiblioteca Nacional de Agricultura aE701 aInstituto Brasileiro de Geografia e Estatistica, Rio de Janeiro, RJ (Brasil)1 aMERCOSUL: Sinopsi estadistica; MERCOSUL: Sinopse Estatistica3 aRio de Janeiro, RJ (Brasil): c1995.  a394 p. aMERCOSUL. Sinopse Estatistica (Brazil)vv. 2xISSN 0102-7398 aBibliography p. 247-249 aEstatistica de Producao aComercio Exterior aAgricultura aPesca aPecuaria